Normal view
MARC view
- Supervisor: Prof Dr. Abdul Razzaq
Entry Personal Name
001 - CONTROL NUMBER
- control field: 132539
003 - CONTROL NUMBER IDENTIFIER
- control field: NUST
005 - DATE AND TIME OF LATEST TRANSACTION
- control field: 20251223124148.0
008 - FIXED-LENGTH DATA ELEMENTS
- fixed length control field: 251223|| aca||aabn | a|a d
040 ## - CATALOGING SOURCE
- Original cataloging agency: NUST
- Transcribing agency: NUST
100 ## - HEADING--PERSONAL NAME
- Personal name: Supervisor: Prof Dr. Abdul Razzaq
670 ## - SOURCE DATA FOUND
- Source citation: Work cat.: (NUST): Ali, Sardar Muhammad 132538, Assessment of the Impact of the Global Cybersecurity Index (GCI) of the International Telecommunication Union (ITU) on Improving the Cybersecurity Posture of Developing Countries. (A Pakistani Perspective)/
